000 00389nam a2200181Ia 4500
003 0100
008 130227s9999 xx 000 0 und d
040 _cARRUPELIB
050 _aBT482.V47 2008
100 _aVermes, Geza
245 4 _aThe resurrection
260 _aNew York
260 _bDoubleday
260 _C2008
300 _axix
300 _b 171p. 22cm.
942 _2lcc
_01
999 _c6067
_d6067